[Event "39th Olympiad Women"]
[Site "Khanty-Mansiysk RUS"]
[Date "2010.09.25"]
[Round "5"]
[White "Bensdorp, Marlies"]
[Black "Stetsko, Lanita"]
[Result "1/2-1/2"]
[WhiteTitle "WIM"]
[BlackTitle "FM"]
[WhiteElo "2288"]
[BlackElo "2148"]
[Board "21.3"]
[WhiteTeam "NED"]
[BlackTeam "BLR"]
[WhiteFideId "1009311"]
[BlackFideId "13505300"]
[EventDate "2010.09.21"]
[EventType "team"]

1. d4 d5 2. c4 c6 3. Nf3 Nf6 4. e3 g6 5. Nc3 Bg7 6. Bd3 Bg4 7. O-O O-O 8. h3
Bxf3 9. Qxf3 e6 10. b3 Nbd7 11. Bb2 Re8 12. Rfd1 Qe7 13. Bf1 a6 14. Rac1 Rac8
15. a3 e5 16. cxd5 e4 17. Qe2 cxd5 18. Rc2 Rc6 19. Rdc1 Rec8 20. b4 Nb6 21. Qd1
Ne8 22. b5 axb5 23. Bxb5 R6c7 24. a4 Qe6 25. Ba3 Nc4 26. Bc5 Na5 27. Bb4 Nc6 28.
Ba3 Bf8 29. Bxf8 Kxf8 30. Ne2 Nb4 31. Rxc7 Rxc7 32. Rb1 Nc6 33. Nf4 Qd6 34. Rc1
Nb4 35. Rb1 Nc6 36. Bxc6 Qxc6 37. Rb5 Nf6 38. Qb1 Kg7 39. Rc5 Qd7 40. Rxc7 Qxc7
41. Qb5 Qc1+ 42. Kh2 Qc7 43. g3 Qc2 44. Kg2 Qd1 45. Qxb7 g5 46. Ne6+ Kg6 47. Nd8
Qf3+ 48. Kg1 Qd1+ 49. Kh2 Qf3 50. Qb2 h5 51. a5 h4 52. g4 Nxg4+ 53. Kg1 Qd1+ 54.
Kg2 Qf3+ 55. Kg1 Qd1+ 56. Kg2 Qf3+ 57. Kg1 1/2-1/2

[Event "39th Olympiad Women"]
[Site "Khanty-Mansiysk RUS"]
[Date "2010.09.25"]
[Round "5"]
[White "Homiakova, Ekaterina"]
[Black "Schut, Lisa"]
[Result "1/2-1/2"]
[WhiteTitle "WFM"]
[BlackTitle "WIM"]
[WhiteElo "2134"]
[BlackElo "2288"]
[Board "21.4"]
[WhiteTeam "BLR"]
[BlackTeam "NED"]
[WhiteFideId "13503863"]
[BlackFideId "1019481"]
[EventDate "2010.09.21"]
[EventType "team"]

1. e4 c5 2. Nf3 d6 3. d4 cxd4 4. Nxd4 Nf6 5. Nc3 a6 6. Be2 e5 7. Nb3 Be7 8. O-O
O-O 9. Kh1 b6 10. Bg5 Nbd7 11. a4 Bb7 12. Qd3 d5 13. exd5 Nxd5 14. Bxe7 Nxe7 15.
Bf3 Bxf3 16. Qxf3 Qc7 17. Rfe1 Nf6 18. Rad1 Ng6 19. Nd2 Nf4 20. Nde4 Nxe4 21.
Qxe4 Rae8 22. Nd5 Nxd5 23. Rxd5 f5 24. Qe2 e4 25. Red1 Rd8 26. c3 Rxd5 27. Rxd5
Qc6 28. Rd4 a5 29. h3 Qh6 30. Qd1 e3 31. fxe3 Qxe3 32. Rd8 Rxd8 33. Qxd8+ Kf7
34. Qd7+ Kf6 35. Qd8+ Kg6 36. Qd6+ Kg5 37. Qd8+ Kh5 38. Qd7 Qe1+ 39. Kh2 Qe5+
40. Kh1 h6 41. Qd1+ Kh4 42. Qd8+ g5 43. Qxb6 Qe1+ 44. Qg1 Qd2 45. Qb6 Qc1+ 46.
Kh2 Qf4+ 47. Kh1 Qc1+ 48. Kh2 Qf4+ 1/2-1/2

[Event "39th Olympiad Women"]
[Site "Khanty-Mansiysk RUS"]
[Date "2010.09.25"]
[Round "5"]
[White "Guichard, Pauline"]
[Black "Nguyen, Thi Thanh An"]
[Result "1/2-1/2"]
[WhiteTitle "WIM"]
[BlackTitle "WGM"]
[WhiteElo "2293"]
[BlackElo "2306"]
[Board "22.3"]
[WhiteTeam "FRA"]
[BlackTeam "VIE"]
[WhiteFideId "639370"]
[BlackFideId "12400300"]
[EventDate "2010.09.21"]
[EventType "team"]

1. d4 Nf6 2. c4 g6 3. Nc3 Bg7 4. e4 d6 5. Nf3 O-O 6. Be2 Bg4 7. Be3 Nfd7 8. d5
Bxc3+ 9. bxc3 Bxf3 10. Bxf3 Na6 11. h4 Nac5 12. Qc2 a6 13. h5 e5 14. Rh3 b5 15.
cxb5 axb5 16. hxg6 fxg6 17. Be2 Ra4 18. Bxb5 Rxe4 19. Be2 Rh4 20. Rxh4 Qxh4 21.
O-O-O Ra8 22. g3 Qf6 23. Bb5 Rb8 24. a4 Qf3 25. Kb2 Nxa4+ 26. Qxa4 Qe2+ 27. Rd2
Qxb5+ 28. Qxb5 Rxb5+ 29. Kc2 Nb6 30. Bxb6 cxb6 31. c4 Rc5 32. Kd3 b5 33. cxb5
Rxb5 34. Ke4 Rb4+ 35. Ke3 g5 36. Ra2 Rd4 37. Ra7 g4 38. Rd7 Rxd5 39. Ke4 Rd2 40.
Ke3 Rd4 41. Re7 h6 42. Rd7 h5 43. Re7 Rd1 44. Ke2 Rd5 45. Rd7 Kf8 46. Rh7 e4 47.
Ke3 Re5 48. Rd7 Re6 49. Rh7 Re5 50. Rd7 Rf5 51. Rxd6 Rf3+ 52. Kxe4 Rxf2 53. Rh6
Rf3 54. Rxh5 Rxg3 55. Kf4 Rg1 56. Rg5 Kf7 57. Rxg4 Rxg4+ 58. Kxg4 1/2-1/2

[Event "39th Olympiad Women"]
[Site "Khanty-Mansiysk RUS"]
[Date "2010.09.25"]
[Round "5"]
[White "Andersson, Christin"]
[Black "Limontaite, Simona"]
[Result "1-0"]
[WhiteTitle "WIM"]
[BlackTitle "WIM"]
[WhiteElo "2113"]
[BlackElo "2187"]
[Board "23.2"]
[WhiteTeam "SWE"]
[BlackTeam "LTU"]
[WhiteFideId "1702947"]
[BlackFideId "12802506"]
[EventDate "2010.09.21"]
[EventType "team"]

1. e4 c5 2. Nf3 Nc6 3. d4 cxd4 4. Nxd4 Nf6 5. Nc3 e5 6. Ndb5 d6 7. Bg5 a6 8. Na3
b5 9. Nd5 Be7 10. Bxf6 Bxf6 11. c4 b4 12. Nc2 O-O 13. Be2 Bg5 14. O-O Qa5 15.
Qd3 Rb8 16. Rad1 Qc5 17. Kh1 f5 18. Nde3 f4 19. Nd5 Rf7 20. b3 a5 21. Bf3 Be6
22. Qe2 Ra7 23. Bg4 Bf7 24. Qf3 a4 25. Qd3 axb3 26. axb3 Bd8 27. g3 h5 28. Bh3
fxg3 29. fxg3 Bg5 30. Rf3 Ra2 31. Rxf7 Kxf7 32. Qf3+ Kg8 33. Qxh5 Bh6 34. Nf6+
gxf6 35. Qg6+ Bg7 36. Be6+ 1-0

[Event "39th Olympiad Women"]
[Site "Khanty-Mansiysk RUS"]
[Date "2010.09.25"]
[Round "5"]
[White "Kalvyte, Vesta"]
[Black "Horn, Emilia"]
[Result "1-0"]
[BlackTitle "WFM"]
[WhiteElo "2097"]
[BlackElo "2012"]
[Board "23.3"]
[WhiteTeam "LTU"]
[BlackTeam "SWE"]
[WhiteFideId "12802310"]
[BlackFideId "1705385"]
[EventDate "2010.09.21"]
[EventType "team"]

1. e4 c5 2. Nf3 d6 3. d4 cxd4 4. Nxd4 Nf6 5. Nc3 a6 6. Be3 Ng4 7. Bg5 h6 8. Bh4
g5 9. Bg3 Bg7 10. h3 Ne5 11. f3 Nbc6 12. Bf2 e6 13. Qd2 Nxd4 14. Bxd4 O-O 15.
O-O-O Qc7 16. h4 f6 17. Be2 b5 18. g3 b4 19. Na4 Bb7 20. hxg5 fxg5 21. f4 Bxe4
22. Rhf1 Rac8 23. c3 Bc6 24. Nb6 bxc3 25. bxc3 Rb8 26. fxe5 dxe5 27. Bc5 Rxb6
28. Bxf8 Bxf8 29. Qd8 Qe7 30. Qxb6 Qa3+ 31. Qb2 Qa5 32. Rxf8+ Kxf8 33. Qb4+ Qxb4
34. cxb4 Bd5 35. a4 a5 36. bxa5 Bb3 37. Rd6 Ke7 38. Rb6 Bxa4 39. a6 1-0

[Event "39th Olympiad Women"]
[Site "Khanty-Mansiysk RUS"]
[Date "2010.09.25"]
[Round "5"]
[White "Fransson, Angelina"]
[Black "Beinoraite, Viktorija"]
[Result "0-1"]
[WhiteElo "1910"]
[BlackElo "2053"]
[Board "23.4"]
[WhiteTeam "SWE"]
[BlackTeam "LTU"]
[WhiteFideId "1712632"]
[BlackFideId "12803642"]
[EventDate "2010.09.21"]
[EventType "team"]

1. e4 e6 2. d3 c5 3. Nd2 Nc6 4. Ngf3 g6 5. g3 Bg7 6. Bg2 Nge7 7. O-O O-O 8. Re1
d6 9. c3 e5 10. a3 h6 11. b4 Be6 12. Nb3 b6 13. b5 Bxb3 14. Qxb3 Na5 15. Qa2 Qd7
16. Rb1 Rac8 17. a4 Rfd8 18. Be3 d5 19. d4 exd4 20. cxd4 dxe4 21. Ne5 Qd5 22.
Qxd5 Nxd5 23. Bd2 cxd4 24. Bxa5 Bxe5 25. Rxe4 Bg7 26. Be1 Nc3 27. Bxc3 dxc3 28.
Ree1 c2 29. Rbc1 Bb2 30. Bf3 Bxc1 31. Rxc1 Rd4 32. Kf1 Rc3 33. Be2 Kf8 34. Ke1
Ke7 35. Bf1 Kd6 36. Ke2 Kc5 37. Bg2 Kb4 38. Bc6 Kb3 0-1

[Event "39th Olympiad Women"]
[Site "Khanty-Mansiysk RUS"]
[Date "2010.09.25"]
[Round "5"]
[White "Bhatia, Kanwal K"]
[Black "Fridthjofsdottir, Sigurl. Regina"]
[Result "0-1"]
[WhiteElo "2072"]
[BlackElo "1812"]
[Board "24.3"]
[WhiteTeam "ENG"]
[BlackTeam "ISL"]
[WhiteFideId "407496"]
[BlackFideId "2300788"]
[EventDate "2010.09.21"]
[EventType "team"]

1. e4 d5 2. exd5 Qxd5 3. d4 Nf6 4. Nf3 c6 5. Be2 Bf5 6. O-O e6 7. c4 Qd8 8. Nc3
Be7 9. Re1 O-O 10. Bf4 Nbd7 11. d5 exd5 12. cxd5 Nxd5 13. Nxd5 cxd5 14. Qxd5 Be6
15. Qxb7 Nc5 16. Qb5 a6 17. Qb4 Nd3 18. Qe4 Nxe1 19. Rxe1 Qd5 20. Bd3 Qxe4 21.
Bxe4 Rad8 22. a3 Bf6 23. b4 Bd5 24. Bc2 Bxf3 25. gxf3 Rfe8 26. Be4 Bb2 27. Re3
h6 28. Rb3 Be5 29. Be3 Rd1+ 30. Kg2 Red8 31. Bc2 R1d6 32. a4 g5 33. b5 axb5 34.
axb5 Bd4 35. b6 Bxe3 36. Rxe3 Rxb6 37. Rd3 Rxd3 38. Bxd3 Rb4 39. Kg3 Kg7 40. Be4
f6 41. h3 h5 42. Kg2 h4 43. Kf1 Rb2 44. Kg2 Kf8 45. Kf1 Ke7 46. Kg2 Kd6 47. Bf5
Ke5 48. Bd7 Kf4 49. Bc6 Rb3 50. Bd5 Rc3 51. Be4 Ke5 52. Ba8 Kd4 53. Be4 Kc5 54.
Kf1 Kd4 55. Kg2 Rc1 56. Bf5 Re1 57. Bc8 Re8 58. Bf5 Ke5 59. Bd3 Kf4 60. Bb5 Rg8
61. Bd7 Rg7 62. Be6 Ke5 63. Bc8 Rc7 64. Ba6 Rc3 65. Bb7 f5 66. Ba8 Rc1 67. Bb7
f4 68. Be4 Kd4 69. Bb7 Kc3 70. Ba6 Kd2 71. Bb7 Ke1 72. Be4 Rc4 73. Bf5 Rb4 0-1

[Event "39th Olympiad Women"]
[Site "Khanty-Mansiysk RUS"]
[Date "2010.09.25"]
[Round "5"]
[White "Finnbogadottir, Tinna Kristin"]
[Black "Hegarty, Sarah N"]
[Result "0-1"]
[BlackTitle "WFM"]
[WhiteElo "1781"]
[BlackElo "2084"]
[Board "24.4"]
[WhiteTeam "ISL"]
[BlackTeam "ENG"]
[WhiteFideId "2300214"]
[BlackFideId "2501465"]
[EventDate "2010.09.21"]
[EventType "team"]

1. e4 c5 2. c3 d5 3. exd5 Qxd5 4. d4 g6 5. Nf3 Bg7 6. dxc5 Qxd1+ 7. Kxd1 Nf6 8.
Bc4 Bg4 9. Ke2 Nc6 10. Be3 Bxf3+ 11. gxf3 O-O 12. Nd2 Ne5 13. Rad1 Rac8 14. Bb3
Ned7 15. Ne4 Rc7 16. Rd2 Ne5 17. Rhd1 Nh5 18. h3 h6 19. f4 Nc6 20. Rd7 Rfc8 21.
Bxf7+ Kxf7 22. Nd6+ Ke6 23. Nxc8 Rxd7 24. Rg1 Rc7 25. Nxa7 Nxa7 26. Rxg6+ Kf5
27. Rg1 Bf6 28. Kf3 Rd7 29. Rg8 Nc6 30. a4 Nd8 31. a5 Ne6 32. c6 bxc6 33. a6 c5
34. Ra8 Nhxf4 35. a7 h5 36. b4 h4 37. Rg8 Rxa7 38. bxc5 Ng5+ 39. Rxg5+ Bxg5 40.
c6 Rc7 41. Bb6 Rxc6 42. Be3 Nxh3 43. Bd4 e5 0-1

[Event "39th Olympiad Women"]
[Site "Khanty-Mansiysk RUS"]
[Date "2010.09.25"]
[Round "5"]
[White "Sischy, Monique Sian"]
[Black "Stolarczyk, Anna"]
[Result "0-1"]
[WhiteTitle "WCM"]
[BlackTitle "WCM"]
[WhiteElo "1980"]
[BlackElo "2071"]
[Board "25.2"]
[WhiteTeam "RSA"]
[BlackTeam "IBCA"]
[WhiteFideId "14301245"]
[BlackFideId "1126423"]
[EventDate "2010.09.21"]
[EventType "team"]

1. e4 c5 2. Nf3 d6 3. d4 cxd4 4. Nxd4 Nf6 5. Nc3 a6 6. Bd3 e5 7. Nde2 Be7 8. O-O
O-O 9. Kh1 Nc6 10. f4 exf4 11. Bxf4 Be6 12. Ng3 g6 13. Qe1 Ne5 14. Rd1 Qc7 15.
Nge2 Rfe8 16. Nd4 Nh5 17. Nxe6 fxe6 18. Bxe5 dxe5 19. Be2 Nf4 20. Bg4 h5 21. Be2
Bb4 22. Rf3 Rad8 23. Bf1 g5 24. g3 Ng6 25. a3 Bc5 26. Rf6 Kg7 27. Rxd8 Rxd8 28.
Rf3 g4 29. Rd3 Rf8 30. Qd1 Qf7 31. Be2 Bd4 32. h3 gxh3 33. Rf3 Qe7 34. Qf1 Bxc3
35. bxc3 Qxa3 36. Rxf8 Qxf8 37. Qxf8+ Kxf8 38. Bxh5 Ne7 39. Bg4 Kf7 40. Bxh3 Nc8
41. Bf1 Nd6 42. Bd3 a5 43. c4 b6 44. c3 a4 45. c5 bxc5 46. Kg2 a3 47. Bb1 Nxe4
48. Ba2 Nxc3 49. Bc4 a2 50. Bxa2 Nxa2 51. Kf3 c4 0-1

[Event "39th Olympiad Women"]
[Site "Khanty-Mansiysk RUS"]
[Date "2010.09.25"]
[Round "5"]
[White "Karsokaite, Irena"]
[Black "Roos, Ezet"]
[Result "0-1"]
[BlackTitle "WFM"]
[WhiteElo "1660"]
[BlackElo "1817"]
[Board "25.3"]
[WhiteTeam "IBCA"]
[BlackTeam "RSA"]
[WhiteFideId "12805220"]
[BlackFideId "14300729"]
[EventDate "2010.09.21"]
[EventType "team"]

1. e4 e6 2. d4 d5 3. Nd2 Nf6 4. Bd3 c5 5. dxc5 Bxc5 6. Qe2 Nc6 7. Ngf3 h6 8. a3
Qc7 9. O-O O-O 10. e5 Nd7 11. Re1 f6 12. exf6 Nxf6 13. h3 e5 14. b4 Bb6 15. Bg6
e4 16. Nxe4 dxe4 17. Qc4+ Kh8 18. Bxe4 Nxe4 19. Rxe4 Bxh3 20. Rh4 Rxf3 21. Rxh6+
gxh6 22. Bb2+ Ne5 23. Qe4 Bxf2+ 24. Kh2 Re3 25. Qg6 Qg7 26. Bxe5 Qxe5+ 0-1

[Event "39th Olympiad Women"]
[Site "Khanty-Mansiysk RUS"]
[Date "2010.09.25"]
[Round "5"]
[White "Algildah, Nibal"]
[Black "Kagramanov, Dina"]
[Result "0-1"]
[BlackTitle "WIM"]
[WhiteElo "1932"]
[BlackElo "2086"]
[Board "26.2"]
[WhiteTeam "SYR"]
[BlackTeam "CAN"]
[WhiteFideId "7600950"]
[BlackFideId "933953"]
[EventDate "2010.09.21"]
[EventType "team"]

1. e4 c5 2. Nf3 e6 3. d4 cxd4 4. Nxd4 a6 5. Be2 Nf6 6. Nc3 d6 7. O-O Be7 8. Be3
O-O 9. Qd2 Qc7 10. f4 Nbd7 11. Bf3 Rb8 12. Nde2 b5 13. g4 b4 14. Nd1 Bb7 15. Ng3
Nc5 16. Qg2 d5 17. e5 Nfe4 18. Bd4 f6 19. Ne3 fxe5 20. Bxe5 Bd6 21. Bxd6 Nxd6
22. Ne2 Nde4 23. Rfd1 Qb6 24. Kf1 Na4 25. Qg1 Nxb2 26. Rd4 Rxf4 27. Nxd5 Rxf3+
28. Kg2 Bxd5 0-1

[Event "39th Olympiad Women"]
[Site "Khanty-Mansiysk RUS"]
[Date "2010.09.25"]
[Round "5"]
[White "Dimitrijevic, Aleksandra"]
[Black "Mazariego-K., Carolina"]
[Result "1/2-1/2"]
[WhiteTitle "WFM"]
[BlackTitle "WIM"]
[WhiteElo "2242"]
[BlackElo "2086"]
[Board "28.1"]
[WhiteTeam "BIH"]
[BlackTeam "GUA"]
[WhiteFideId "929239"]
[BlackFideId "7300115"]
[EventDate "2010.09.21"]
[EventType "team"]

1. c4 e5 2. Nc3 d6 3. Nf3 Nf6 4. g3 Be7 5. Bg2 Nc6 6. O-O h6 7. d3 Be6 8. Rb1
Qd7 9. Re1 Bh3 10. Bh1 Ng4 11. b4 h5 12. b5 Nd8 13. Nd5 h4 14. e4 Ne6 15. d4
hxg3 16. hxg3 f6 17. Nh4 Bd8 18. Bg2 Ng5 19. Bxg5 Bxg2 20. Kxg2 fxg5 21. Nf5
Rh2+ 22. Kg1 Rh1+ 23. Kg2 Rh2+ 24. Kg1 Rh1+ 25. Kg2 Rh2+ 26. Kg1 Rh1+ 1/2-1/2

[Event "39th Olympiad Women"]
[Site "Khanty-Mansiysk RUS"]
[Date "2010.09.25"]
[Round "5"]
[White "Mencos, Claudia"]
[Black "Dengler, Dijana"]
[Result "1-0"]
[BlackTitle "WFM"]
[WhiteElo "1912"]
[BlackElo "2088"]
[Board "28.2"]
[WhiteTeam "GUA"]
[BlackTeam "BIH"]
[WhiteFideId "7300573"]
[BlackFideId "14400081"]
[EventDate "2010.09.21"]
[EventType "team"]

1. e4 e6 2. d4 d5 3. Nd2 Nf6 4. e5 Nfd7 5. Bd3 c5 6. c3 Nc6 7. Ndf3 cxd4 8. cxd4
f6 9. exf6 Nxf6 10. Ne2 Bd6 11. O-O O-O 12. Bf4 Bxf4 13. Nxf4 Qd6 14. Ne2 e5 15.
dxe5 Nxe5 16. Nxe5 Qxe5 17. Qc2 Bd7 18. Ng3 Rad8 19. Qb3 Bc8 20. Rae1 Qg5 21.
Qa4 a6 22. Qd4 Ng4 23. f3 Rf4 24. Qb6 Nh6 25. Re2 Rdf8 26. Rfe1 R4f6 27. Qb3 Kh8
28. Re5 Qd2 29. Nf1 Qf4 30. Qxd5 Qb4 31. Re8 Qxb2 32. Qc5 b6 33. Rxf8+ Ng8 34.
Rxg8+ Kxg8 35. Qxc8+ Kf7 1-0

[Event "39th Olympiad Women"]
[Site "Khanty-Mansiysk RUS"]
[Date "2010.09.25"]
[Round "5"]
[White "Hernandez Guerrero, Yadira"]
[Black "Fierro Baquero, Martha L."]
[Result "0-1"]
[WhiteTitle "WIM"]
[BlackTitle "IM"]
[WhiteElo "2160"]
[BlackElo "2368"]
[Board "29.1"]
[WhiteTeam "MEX"]
[BlackTeam "ECU"]
[WhiteFideId "5100992"]
[BlackFideId "3600270"]
[EventDate "2010.09.21"]
[EventType "team"]

1. d4 g6 2. Nf3 Bg7 3. g3 c5 4. d5 d6 5. Bg2 Nf6 6. c4 b5 7. cxb5 a6 8. b6 Nbd7
9. Nc3 Nxb6 10. O-O O-O 11. Re1 Rb8 12. Nd2 Bb7 13. e4 Nfd7 14. Qe2 Qc7 15. a4
Rbe8 16. a5 Nc8 17. Nc4 Na7 18. Bd2 Nb5 19. Nxb5 axb5 20. Nb6 Ba6 21. Nxd7 Qxd7
22. Rab1 Rc8 23. Rec1 Qa7 24. Bf1 Bd4 25. b4 c4 26. Bh6 Rfe8 27. Rc2 Rc7 28. Rd1
Bb7 29. Qd2 Bg7 30. Be3 Qa8 31. Bb6 Rd7 32. h4 e6 33. Bh3 Rde7 34. Bd4 Bxd4 35.
Qxd4 exd5 36. Bg2 dxe4 37. Qxd6 e3 38. fxe3 Bxg2 39. Rxg2 Rxe3 40. Rd5 c3 41.
Kh2 Re2 42. Rxe2 Rxe2+ 43. Kh3 c2 44. Qd8+ Kg7 45. Qxa8 c1=Q 0-1

[Event "39th Olympiad Women"]
[Site "Khanty-Mansiysk RUS"]
[Date "2010.09.25"]
[Round "5"]
[White "Vasquez Ramirez, Rocio"]
[Black "Guerrero Rodriguez, Alejandra"]
[Result "0-1"]
[WhiteTitle "WIM"]
[BlackTitle "WIM"]
[WhiteElo "2227"]
[BlackElo "2128"]
[Board "29.2"]
[WhiteTeam "ECU"]
[BlackTeam "MEX"]
[WhiteFideId "3600750"]
[BlackFideId "5104297"]
[EventDate "2010.09.21"]
[EventType "team"]

1. d4 e6 2. c4 Nf6 3. Nc3 d5 4. e3 Be7 5. Nf3 O-O 6. Bd3 Nbd7 7. O-O c5 8. b3 b6
9. Bb2 Bb7 10. cxd5 exd5 11. Ne5 Rc8 12. f4 Ne4 13. Nxe4 dxe4 14. Bc4 Nf6 15.
Qe2 cxd4 16. Bxd4 Bd5 17. Ba6 Rc7 18. Rfd1 Bc5 19. Bb2 Qe7 20. g4 Rd8 21. g5 Ne8
22. Kh1 Qe6 23. a3 Qh3 24. Bc4 Bxc4 25. Nxc4 Rcd7 26. Rxd7 Qxd7 27. b4 Be7 28.
Bd4 Nc7 29. Ne5 Qd5 30. Rc1 Ne6 31. Nc6 Re8 32. Qa6 Bd6 33. Nxa7 Nxd4 34. Rc8
Rxc8 35. Qxc8+ Bf8 36. exd4 e3+ 37. Kg1 Qf3 0-1

[Event "39th Olympiad Women"]
[Site "Khanty-Mansiysk RUS"]
[Date "2010.09.25"]
[Round "5"]
[White "Mendoza Velazquez, Lorena Alejan"]
[Black "Romero Echeverria, Abigail"]
[Result "1/2-1/2"]
[WhiteTitle "WIM"]
[WhiteElo "2038"]
[BlackElo "2058"]
[Board "29.3"]
[WhiteTeam "MEX"]
[BlackTeam "ECU"]
[WhiteFideId "5101794"]
[BlackFideId "3603806"]
[EventDate "2010.09.21"]
[EventType "team"]

1. c4 e5 2. g3 Nf6 3. Bg2 Nc6 4. Nc3 Bb4 5. Nf3 O-O 6. O-O e4 7. Ne1 Re8 8. Nd5
Bf8 9. d3 exd3 10. Nxd3 h6 11. b3 d6 12. Bb2 Ne5 13. Nxf6+ gxf6 14. Nf4 c6 15.
h3 Qe7 16. e3 Bf5 17. Kh2 Bg6 18. Qd4 a5 19. Rad1 Nd7 20. Ba3 Nc5 21. Nxg6 fxg6
22. Bxc5 dxc5 23. Qg4 Qf7 24. Rd7 Re7 25. Rfd1 Rae8 26. Rxe7 Rxe7 27. Qc8 a4 28.
Rd2 axb3 29. axb3 Kh7 30. Qd8 h5 31. Bf3 Kg8 32. Kg2 Re8 33. Qd7 Qxd7 34. Rxd7
Re7 35. Rxe7 Bxe7 36. Be2 Kf7 37. f4 f5 38. h4 Bd8 39. Kf3 Ba5 40. e4 fxe4+ 41.
Kxe4 Be1 42. Kf3 Kf6 43. Bd3 Bc3 44. Bc2 Be1 1/2-1/2

[Event "39th Olympiad Women"]
[Site "Khanty-Mansiysk RUS"]
[Date "2010.09.25"]
[Round "5"]
[White "Orejuela Chango, Paulina"]
[Black "De La Parra Hurtado, Daniela"]
[Result "0-1"]
[BlackTitle "WCM"]
[WhiteElo "2037"]
[BlackElo "1887"]
[Board "29.4"]
[WhiteTeam "ECU"]
[BlackTeam "MEX"]
[WhiteFideId "3604403"]
[BlackFideId "5107369"]
[EventDate "2010.09.21"]
[EventType "team"]

1. e4 c5 2. c3 g6 3. d4 cxd4 4. cxd4 d5 5. Nc3 dxe4 6. Bc4 Nf6 7. Qb3 e6 8. Bg5
Be7 9. O-O-O Nbd7 10. Bxf6 Nxf6 11. d5 exd5 12. Nxd5 Nxd5 13. Qb5+ Qd7 14. Rxd5
Qxb5 15. Bxb5+ Kf8 16. Ne2 Be6 17. Rd4 Bxa2 18. Nc3 Bg5+ 19. Kc2 Rc8 20. Ra1 Be6
21. Rxa7 e3 22. f4 Bf6 23. Rd1 Kg7 24. Rxb7 Rhd8 25. Rxd8 Rxd8 26. Bd3 Kf8 27.
Rb4 Bf5 28. Be4 Bxc3 29. Kxc3 e2 0-1

[Event "39th Olympiad Women"]
[Site "Khanty-Mansiysk RUS"]
[Date "2010.09.25"]
[Round "5"]
[White "Petrenko, Svetlana"]
[Black "Koskoska, Gabriela"]
[Result "1/2-1/2"]
[WhiteTitle "IM"]
[BlackTitle "WIM"]
[WhiteElo "2263"]
[BlackElo "2142"]
[Board "30.1"]
[WhiteTeam "MDA"]
[BlackTeam "MKD"]
[WhiteFideId "13900196"]
[BlackFideId "15000630"]
[EventDate "2010.09.21"]
[EventType "team"]

1. Nf3 c5 2. g3 g6 3. Bg2 Bg7 4. c4 Nc6 5. Nc3 b6 6. O-O Bb7 7. e3 Nf6 8. d4 Na5
9. Qe2 cxd4 10. exd4 Rc8 11. Nb5 O-O 12. b3 a6 13. Na3 d5 14. Bb2 Rc7 15. Ne5
Qa8 16. Rac1 dxc4 17. Bxb7 Nxb7 18. bxc4 e6 19. f3 Rfc8 20. Nb1 Nd6 21. Nd2 b5
22. c5 Nf5 23. g4 Ne7 24. f4 Qd5 25. a3 Ne8 26. Ndf3 Nc6 27. Nxc6 Rxc6 28. Ne5
R6c7 29. g5 f6 30. gxf6 Nxf6 31. Rce1 Nh5 32. Qg2 Rf8 33. Qxd5 exd5 34. Bc1 Nf6
35. f5 gxf5 36. Rxf5 Ne4 37. Ref1 Nc3 38. Kg2 a5 39. h4 b4 40. axb4 axb4 41. h5
Rxf5 42. Rxf5 h6 43. Nd3 Bxd4 44. Nxb4 Bxc5 45. Nxd5 Nxd5 46. Rxd5 Bf8 47. Bf4
Rc5 48. Rxc5 1/2-1/2

[Event "39th Olympiad Women"]
[Site "Khanty-Mansiysk RUS"]
[Date "2010.09.25"]
[Round "5"]
[White "Baciu, Diana"]
[Black "Bejatovic, Bojana"]
[Result "0-1"]
[WhiteTitle "WFM"]
[WhiteElo "2153"]
[BlackElo "1891"]
[Board "30.3"]
[WhiteTeam "MDA"]
[BlackTeam "MKD"]
[WhiteFideId "13903284"]
[BlackFideId "15000141"]
[EventDate "2010.09.21"]
[EventType "team"]

1. e4 g6 2. d4 Bg7 3. Nc3 c6 4. h3 d6 5. a4 a5 6. Nge2 Nf6 7. Be3 Na6 8. g3 O-O
9. Bg2 Nb4 10. O-O e5 11. Qd2 Be6 12. Rad1 Qc7 13. g4 Bc4 14. b3 Ba6 15. g5 Nh5
16. Rfe1 Rad8 17. Rc1 Rfe8 18. Bf3 Qd7 19. Bg4 Qe7 20. d5 Bxe2 21. Rxe2 Nf4 22.
Bxf4 exf4 23. Nb1 Qxg5 24. Kh1 cxd5 25. c3 Nc6 26. exd5 Rxe2 27. Bxe2 Ne5 28.
Kh2 Qh4 29. Bd1 f3 30. Kg1 Bh6 0-1

[Event "39th Olympiad Women"]
[Site "Khanty-Mansiysk RUS"]
[Date "2010.09.25"]
[Round "5"]
[White "Nikolovska, Dragana"]
[Black "Ursu, Ana-Maria W"]
[Result "0-1"]
[WhiteElo "1752"]
[BlackElo "1905"]
[Board "30.4"]
[WhiteTeam "MKD"]
[BlackTeam "MDA"]
[WhiteFideId "15000133"]
[BlackFideId "13904213"]
[EventDate "2010.09.21"]
[EventType "team"]

1. e4 e6 2. d4 d5 3. Nd2 Nf6 4. e5 Nfd7 5. Bd3 c5 6. c3 Nc6 7. Ngf3 Be7 8. O-O
g5 9. h3 Qb6 10. Re1 h5 11. Qe2 g4 12. hxg4 hxg4 13. Nh2 g3 14. Nhf3 cxd4 15.
cxd4 Nxd4 16. Nxd4 Qxd4 17. Nf3 gxf2+ 0-1

[Event "39th Olympiad Women"]
[Site "Khanty-Mansiysk RUS"]
[Date "2010.09.25"]
[Round "5"]
[White "Pokorna, Regina"]
[Black "Sanchez Castillo, Sarai"]
[Result "1-0"]
[WhiteTitle "WGM"]
[BlackTitle "IM"]
[WhiteElo "2370"]
[BlackElo "2278"]
[Board "31.1"]
[WhiteTeam "SVK"]
[BlackTeam "VEN"]
[WhiteFideId "14902052"]
[BlackFideId "3900754"]
[EventDate "2010.09.21"]
[EventType "team"]

1. e4 e6 2. d4 d5 3. Nd2 Nf6 4. e5 Nfd7 5. Bd3 c5 6. c3 Nc6 7. Ne2 cxd4 8. cxd4
f6 9. exf6 Nxf6 10. O-O Bd6 11. Nf3 Qc7 12. Bd2 O-O 13. Rc1 Bd7 14. Ng3 h6 15.
a3 Qb6 16. Bc3 Bxg3 17. hxg3 Rae8 18. Ne5 Ne7 19. Bb4 Bb5 20. Bxe7 Rxe7 21. Ng6
Ree8 22. Nxf8 Rxf8 23. Qb3 Bxd3 24. Qxd3 Ne4 25. Rc2 Qd8 26. Rfc1 Qf6 27. Qe3
Kh7 28. Re2 Rf7 29. Rc8 Qf5 30. g4 Qf6 31. Qd3 g6 32. Qe3 h5 33. gxh5 gxh5 34.
Rec2 Qg7 35. Qh3 Qh6 36. R8c7 Kg7 1-0